000 00656naa a2200205 i 4500
001 86616
003 ES-MaBCM
005 20241016125256.0
008 020925s2002 esp 000 0 spa d
021 _axx
035 _a(OCoLC)1365230287
040 _cES-MaBCM
041 0 _aspa
043 _aesp
100 1 _aIbarrondo Dávila, Pilar
_922888
245 1 0 _aLa producción de servicios bancarios
_b: problemática en torno a su delimitación
_cPilar Ibarrondo Dávila
650 2 7 _aBanca
_957691
773 0 _aEn:
_tInformación comercial española. Boletín económico
_dMadrid : 2002
_w104444
_gn. 2.735, jul., p. 31-41. - Loc. S.200
942 _cAREV
999 _c86616
_d86616